00436nam a22001337a 4500003000400000008004100004082001900045100002200064245013400086260003800220300000900258502001500267650002000282OSt260417b |||||||| |||| 00| 0 eng d a581.2326bO30S aOJha, Pawan Kumar aStudies on Integrated Disease Management of Turcicum Leaf Blight of Maize caused by Exserohilum Turcicum (Pass.) Leonard & Suggs. aPusa, SamastipurbRAU, Pusac2001 a40P. bMsc.d2001 aPlant Pathology